| 000 | 00988cad a22002295a 4500 | ||
|---|---|---|---|
| 001 | E149655 | ||
| 008 | 100401s2010 xxkd f s 000 0 eng d | ||
| 035 | _a(Sirsi) u149655 | ||
| 041 | 0 | _aeng | |
| 050 | 0 | 4 | _a333.33 $2 18 |
| 110 | 2 |
_aDrivers Jonas _91941 |
|
| 245 | 0 | 0 |
_aOffice trends _bUK key cities 2010 _h[electronic resource] |
| 260 |
_aLondon _bDrivers Jonas _c2010 |
||
| 490 | 0 |
_aDrivers Jonas Office Trends _v2010 |
|
| 520 | _aSuggests that London will lead the way in terms of occupational market recovery, and forecasts double digit rental growth for the City. Predicts that yield levels will harden in the UK investment market, but the road to recovery may be a bumpy one. | ||
| 521 | _aAdvanced | ||
| 590 | _aKA | ||
| 651 | 4 |
_aUnited Kingdom _y |
|
| 690 | _aPROPERTY-COMMERCIAL PROPERTY-COMMERCIAL PROPERTY MARKET | ||
| 856 | 4 | 0 |
_uhttps://www.djdeloitte.co.uk/uk.aspx?doc=37319 _zView the item free of charge (registration necessary) at www.djdeloitte.co.uk |
| 942 | _n0 | ||
| 999 |
_c110583 _d110583 |
||